[Event "Emilia Romagna Province-ch"]
[Site "Formigine"]
[Date "2007.04.29"]
[Round "3"]
[White "Buriani, Andrea"]
[Black "Cricca, Andrea"]
[Result "1-0"]
[WhiteElo "2144"]
[BlackElo "1698"]
[PlyCount "41"]
[EventDate "2007.04.28"]
[EventType "swiss"]
[EventRounds "6"]
[EventCountry "ITA"]
[SourceTitle "EXT 2009"]
[Source "ChessBase"]
[SourceDate "2008.11.26"]
[SourceVersion "1"]
[SourceVersionDate "2008.11.26"]
[SourceQuality "1"]

1. d4 d5 2. Nf3 c6 3. c4 Nf6 4. Nc3 e6 5. e3 dxc4 6. Bxc4 b5 7. Bd3 Bb4 8. 0-0 0-0 9. a4 bxa4 10. Nxa4 a5 11. Bd2 Ba6 12. Bxb4 Bxd3 13. Bxf8 Bxf1 14. Bxg7 Kxg7 15. Kxf1 Nbd7 16. Qc2 Rc8 17. Ra3 Nd5 18. e4 N5b6 19. Nc5 Nf8 20. Rxa5 Ra8 21. Qc3 1-0